Complete Idiot's Guide to Microsoft Word 97 (Record no. 166213)

MARC details
000 -LEADER
fixed length control field 00486nam a22001577a 4500
008 - FIXED-LENGTH DATA ELEMENTS--GENERAL INFORMATION
fixed length control field 190716b ||||| |||| 00| 0 eng d
020 ## - INTERNATIONAL STANDARD BOOK NUMBER
International Standard Book Number 9788120313323
040 ## - CATALOGING SOURCE
Original cataloging agency DPL
Language of cataloging EN
050 ## - LIBRARY OF CONGRESS CALL NUMBER
DPL Classification number 005.3 BOB
100 ## - MAIN ENTRY--PERSONAL NAME
Personal name Babola, Daniel T.
245 ## - TITLE STATEMENT
Title Complete Idiot's Guide to Microsoft Word 97
246 ## - VARYING FORM OF TITLE
Title proper/short title Complete Idiot's Guide to
Remainder of title Microsoft Word 97
260 ## - PUBLICATION, DISTRIBUTION, ETC. (IMPRINT)
Place of publication, distribution, etc New Delhi
Name of publisher, distributor, etc Prentice Hall of India
300 ## - PHYSICAL DESCRIPTION
Extent xxi,393p.
Dimensions 24 cm.
942 ## - ADDED ENTRY ELEMENTS (KOHA)
Source of classification or shelving scheme Dewey Decimal Classification
Item type English Books
Classification part 005.3
Call number suffix BOB
Holdings
Withdrawn status Lost status Source of classification or shelving scheme Damaged status Not for loan Home library Current library Date acquired Source of acquisition Cost, normal purchase price Total Checkouts Full call number Barcode Date last seen Cost, replacement price Koha item type
    Dewey Decimal Classification     Kadipur Kadipur 16/07/2019 BPPD/PUB 150.00   005.3 BOB A-939985 16/07/2019 150.00 English Books

© Delhi Public Library
Hit Counter
free hit counter